| 000 | 01436nam a22003730a 4500 | ||
|---|---|---|---|
| 001 | PT16253 | ||
| 003 | AR-LpoUNG | ||
| 005 | 20210131232703.0 | ||
| 008 | 191001s2002||||ag |||||||||||||||||spa d | ||
| 020 |
_a9872033358 _c$5.66 |
||
| 040 |
_aAR-LpoUNG _bspa _cAR-LpoUNG _eaacr |
||
| 041 | _aspa | ||
| 044 | _aag | ||
| 082 | 0 | _a982.064 666per | |
| 100 | 1 | _aBodes, José | |
| 245 | 1 | 0 |
_aPerón - Fidel : _blínea directo : cuando la Argentina rompió el bloqueo a Cuba |
| 250 | _a2§ edición | ||
| 260 |
_aBuenos Aires : _bDelgragón, _c2002. |
||
| 300 |
_a219 p. : _bil. |
||
| 520 | _aLa obra muestra la verdadera índole de las relaciones entre el lider justicialista y el jefe de la revolución cubana, relación de la que surgió la histórica ruptura del bloqueo que comandó el ministro de Economía de Perón, José Ber Gelbard, y junto con esta otras jugadas riesgosas. Un documento esencial para entender la drámatica batalla que se libró entre Estados Unidos y los pueblos latinoamericanos en los años setenta. | ||
| 650 | 4 | _aANALISIS HISTORICO | |
| 650 | 4 | _aARGENTINA | |
| 650 | 4 | _aASPECTOS POLITICOS | |
| 650 | 4 | _aCUBA | |
| 650 | 4 | _aHISTORIA | |
| 650 | 4 | _aHISTORIA POLITICA | |
| 650 | 4 | _aPOLITICA | |
| 650 | 4 | _aRELACIONES ECONOMICAS INTERNACIONALES | |
| 650 | 4 | _aRELACIONES INTERNACIONALES | |
| 651 | 4 | _aAmérica Latina | |
| 700 | 1 | _aLópez, José Andrés | |
| 905 | _a16253 | ||
| 942 | _cLIB | ||
| 999 |
_c16946 _d16946 |
||